The deposits of the useful minerals and rochs / (Record no. 33701)

MARC details
000 -LEADER
campo de control de longitud fija 00644nam a2200193 i 4500
001 - NÚMERO DE CONTROL
campo de control 33701
003 - IDENTIFICADOR DE NÚMERO DE CONTROL
campo de control ES-MaACL
005 - FECHA Y HORA DE LA ÚLTIMA TRANSACCIÓN
campo de control 20230906154815.0
007 - CAMPO FIJO DE DESCRIPCIÓN FÍSICA--INFORMACIÓN GENERAL
campo de control de longitud fija t|
008 - DATOS DE LONGITUD FIJA--INFORMACIÓN GENERAL
campo de control de longitud fija 030203m19141916xxk ||||1| eng d
100 1# - ENTRADA PRINCIPAL--NOMBRE DE PERSONA
Nombre de persona Beyschlag, F.
9 (RLIN) 28725
245 14 - MENCIÓN DEL TÍTULO
Título The deposits of the useful minerals and rochs /
Mención de responsabilidad, etc. by F. Beyschlag, J.H.J. Vogt, P. Krusch ; translated by S.J. Truscott.
260 ## - PUBLICACIÓN, DISTRIBUCIÓN, ETC.
Lugar de publicación, distribución, etc. London :
Nombre del editor, distribuidor, etc. Macmillan and Cº,
Fecha de publicación, distribución, etc. 1914-16 (
Lugar de fabricación/manufactura Edinburgh :
Fabricante R. and R. Clark)
300 ## - DESCRIPCIÓN FÍSICA
Extensión 2 v. :
Otras características físicas il. ;
Dimensiones 23 cm.
700 1# - ENTRADA AGREGADA--NOMBRE PERSONAL
Nombre de persona Vogt, H. J. L.
9 (RLIN) 115664
700 1# - ENTRADA AGREGADA--NOMBRE PERSONAL
Nombre de persona Krusch, P.
9 (RLIN) 68923
700 1# - ENTRADA AGREGADA--NOMBRE PERSONAL
Nombre de persona Truscott, S. J.
9 (RLIN) 111594
852 ## - LOCALIZACIÓN
Ubicación ES-MaACL
Número de control de estantería F-4267-68
Holdings
Estatus retirado Estado de pérdida Estado de daño No para préstamo Biblioteca de origen Biblioteca actual Ubicación en estantería Fecha de adquisición Fuente de adquisición Total de préstamos Signatura topográfica completa Código de barras Visto por última vez Precio de reemplazo Tipo de ítem Koha
        Biblioteca del Ateneo de Madrid Biblioteca del Ateneo de Madrid Depósito 2 17/01/2008     F-4267-68 1035076 23/02/2023 23/02/2023 Libro impreso